| 000 | 00666cam a2200205 4500 | ||
|---|---|---|---|
| 001 | WB3542-02 | ||
| 008 | 000000n1999 000 0 eng u | ||
| 035 | _a(Sirsi) u100982 | ||
| 245 | _aEverything at your fingertips | ||
| 260 | _c1999 | ||
| 490 |
_aTimes _v23 October 1999, 56(2) |
||
| 520 | _aDiscusses online auctions, and looks at issues such as how to bid, potential pitfalls of buying via an online auction, and 'reverse auctions', where sellers bid to win the business of the buyer. | ||
| 590 | _aWB | ||
| 650 | _aINTERNET AUCTIONS | ||
| 650 | _aBIDDING | ||
| 650 | _aFRAUD | ||
| 650 | _aADVANTAGES | ||
| 690 |
_aAuctioneering _96218 |
||
| 942 | _n0 | ||
| 999 |
_c60268 _d60268 |
||